000 00322nam a2200121Ia 4500
008 191201s2018 xx 000 0 und d
100 _aGOYAL, RK
245 0 _aPractical anatomy and Physiology
260 _bBS Shah Prakashan
_aNew Delhi
_c2018
300 _a187
650 _aHuman Anatomy & Physiology
942 _2ddc
_cBK
_02
999 _c8415
_d8415